| 000 | 00720cam8a220024100 4500 | ||
|---|---|---|---|
| 001 | zam00002507 | ||
| 008 | 951128s1960 xx eng u | ||
| 035 | _a(Sirsi) r19860 | ||
| 035 | _a(MACHINE)SLC. | ||
| 100 |
_aFriedlander, W. A. _6A80929.1 |
||
| 245 | 1 | 0 | _aConcepts and methods of social work. |
| 260 | _c1960. | ||
| 949 |
_aHV41 _wlcc _i-18031 _mMAIN _tBOOK _lON-SHELF |
||
| 949 |
_aHV41 _wlcc _i-18032 _mMAIN _tBOOK _lON-SHELF |
||
| 004 | 19860 | ||
| 591 | _aClass code: SW 330. | ||
| 591 | _aCourse: Analysis of social work intervention. | ||
| 591 | _aSchool: S05. | ||
| 591 | _aLecturer: Dr. TEMBO, R. | ||
| 591 | _aNumber of Students: 17. | ||
| 900 |
_2MAIN _8HV41 _9FRI _c2 |
||
| 909 | _aBook | ||
| 999 |
_c8364 _d8364 |
||